000 01111nam a2200349 i 4500
003 DO-SdBNP
005 20250203082255.0
006 a||||gr|||| 00| 0
007 ta
008 230912e2023 dr ||||| |||| 00| j spa d
020 _a9789945183702
040 _aDO-SdBNP
_bspa
_cBNPHU
_erda
041 _aspa
082 4 _aRD863.5
_bC957g 2023
_222
100 1 _aCruz Gil, Daniela,
_d1984-
_eautor
_4aut.
_986930
245 1 0 _aGastrocuento /
_cDaniela Cruz Gil.
246 1 4 _aGastrocuento :
_brelatos.
250 _aSegunda edición
264 4 _aSanto Domingo, Santo Domingo :
_bLuna Insomme Editores,
_c©2023
300 _a50 páginas ;
_c20 cm.
336 _2rdacontent
_atexto
_btxt
337 _2rdamedia
_avolumen
_bnc
338 _2rdacarrier
_avolumen
_bnc
490 1 _aCarta de Ruta
490 1 _aNarrativa contemporánea ;
_v11
590 _aInventariado 2023 / MF
650 7 _aCuentos dominicanos
_2LEMB
650 7 _aLiteratura dominicana
_2LEMB
830 0 _aColección Carta de ruta.
_pNarrativa contemporánea.
_986931
910 _aValidado. Control de calidad MFF
942 _2ddc
_cLBS1
999 _c54703
_d54703